| 000 | 00831cam a22002535a 4500 | ||
|---|---|---|---|
| 001 | 15283383 | ||
| 003 | OSt | ||
| 005 | 20221118155418.0 | ||
| 008 | 080430s2008 txu b 000 0 eng | ||
| 010 | _a 2008928343 | ||
| 020 | _a9781595890559 | ||
| 040 |
_aDLC _cDLC _dDLC |
||
| 050 | 0 | 0 | _bY54T |
| 082 | _bY54T | ||
| 100 | 1 | _aYohannan, K. P. | |
| 245 | 1 | 0 |
_aTouching godliness through submission / _cK.P. Yohannan. |
| 260 |
_a[Carrollton, TX] : _bGFA Books, _cc2008. |
||
| 300 |
_a219 p. ; _c22 cm. |
||
| 504 | _aIncludes bibliographical references (p. [215]-219). | ||
| 650 | 0 |
_aSubmissiveness _xReligious aspects _xChristianity. |
|
| 906 |
_a7 _bcbc _corignew _d2 _eepcn _f20 _gy-gencatlg |
||
| 942 |
_2ddc _cBK |
||
| 999 |
_c11049 _d11049 |
||